Statistics for Biggest Cities In Morocco

Click here to take the quiz!

General Stats

  • This quiz has been taken 9 times
  • The average score is 7 of 20

Answer Stats

PopulationAnswer% Correct
3,144,909Casablanca
100%
1,655,753Rabat
100%
964,891Fes
88%
698,310Agadir
75%
839,296Marrakesh
75%
688,356Tangier
75%
903,485Salé
50%
545,705Meknes
38%
147,549El Jadid
25%
366,570Kenitra
25%
288,163Safi
25%
326,261Tetouan
25%
166,399Beni Mellal
13%
167,673Khouribga
13%
187,708Mohammedia
13%
395,644Al Hoceima
0%
156,000Fes al Bali
0%
405,253Oujda-Angad
0%
200,000Sale Al Jadida
0%
313,510Temara
0%

Score Distribution

Percentile by Number Answered

Percent of People with Each Score

Your Score History

You have not taken this quiz